Presidential directives on national security from Truman to Clinton.

These documents pertain to all aspects of U.S. national policy--foreign, defense, intelligence and international economic policy--and structure. They were identified, obtained, assembled, and indexed by the National Security Archive. Most were originally issued by the National Security Council.

Bibliographic Details
Corporate Authors: National Security Council (U.S.), National Security Archive (U.S.), Chadwyck-Healey, Inc
Format: Microform
Language:English
Published: Alexandria, Va. : [Washington, DC] : Chadwyck-Healey ; National Security Archive, 1994.
Subjects:

MARC

Tag First Indicator Second Indicator Subfields
LEADER 00000cac a2200000 a 4500
001 in00001345921
005 20151006062528.0
007 he amb024baca
008 940509s1994 vau b 000 0 eng d
035 |a (OCoLC)30656852 
035 |9 AHG7000AM 
040 |a HLS  |c HLS  |d WTU  |d UtOrBLW 
043 |a n-us--- 
049 |a TXAM 
110 2 |a National Security Council (U.S.) 
245 1 0 |a Presidential directives on national security from Truman to Clinton. 
264 1 |a Alexandria, Va. :  |b Chadwyck-Healey ;  |a [Washington, DC] :  |b National Security Archive,  |c 1994. 
300 |a 2132 items on 441 microfiches. 
336 |a text  |b txt  |2 rdacontent 
337 |a microform  |b h  |2 rdamedia 
338 |a microfiche  |b he  |2 rdacarrier 
500 |a Accompanied by a guide: Presidential directives on national security from Truman to Clinton. Guide and index. 
520 |a These documents pertain to all aspects of U.S. national policy--foreign, defense, intelligence and international economic policy--and structure. They were identified, obtained, assembled, and indexed by the National Security Archive. Most were originally issued by the National Security Council. 
500 |a Microform. 
650 0 |a National security  |z United States  |x History  |y 20th century  |x Sources. 
651 0 |a United States  |x Foreign relations  |y 1945-1989  |v Sources. 
610 2 0 |a National Security Council (U.S.)  |x Archives. 
710 2 |a National Security Archive (U.S.) 
710 2 |a Chadwyck-Healey, Inc. 
730 0 |a Presidential directives on national security from Truman to Clinton.  |p Guide and index. 
948 |a jpf not cataloged 9-5-97 
999 |a MARS 
999 f f |s c914d2d9-15a5-32d7-997f-82aac24bf629  |i 6ddee6a9-de25-367d-8304-e199fbf380c9  |t 0 
952 f f |p default  |a Texas A&M University  |b College Station  |c Sterling C. Evans Library  |d Evans: Microforms (3rd floor)  |t 0  |e fiche C 21941  |h Other scheme  |i microform -- microfiche 
998 f f |a fiche C 21941  |t 0  |l Evans: Microforms (3rd floor)